Vinnetou /
Převyprávěná dobrodružství Vinnetoua, rudého gentlemana a Old Shatterhanda, jeho přítele.
Uloženo v:
| Hlavní autor: | |
|---|---|
| Další autoři: | , |
| Médium: | E-kniha |
| Jazyk: | Czech |
| Vydáno: |
V Praze :
Albatros,
2020
|
| Vydání: | 2. vydání v této podobě a úpravě |
| Témata: | |
| Tagy: |
Žádné tagy |
| LEADER | 03053nam a2200505 i 4500 | ||
|---|---|---|---|
| 001 | 311125 | ||
| 003 | CZ PrSKC | ||
| 005 | 20260601215700.0 | ||
| 007 | ta | ||
| 008 | 200120s2020 xr af c 000 j cze | ||
| 015 | |a cnb003172023 | ||
| 020 | |a 9788000057538 |q (vázáno) : |c Kč 399,00 | ||
| 035 | |a (OCoLC)1199989067 | ||
| 040 | |a ABA001 |b cze |d ABG001 |d BOA001 |e rda | ||
| 041 | 1 | |a cze |h ger | |
| 072 | 7 | |a 821.112.2-3 |x Německá próza, německy psaná |2 Konspekt | |
| 072 | 7 | |a 821-93 |x Literatura pro děti a mládež (beletrie) |2 Konspekt | |
| 080 | |a 821.112.2-31 |2 MRF | ||
| 080 | |a 821-93 |2 MRF | ||
| 080 | |a (0:82-321.3) |2 MRF | ||
| 100 | 1 | |a May, Karl, |d 1842-1912 |7 jn19990005499 |4 aut | |
| 240 | 1 | 0 | |a Winnetou. |l Česky |7 aun2013776365 |
| 245 | 1 | 0 | |a Vinnetou / |c Karl May ; ilustroval Zdeněk Burian ; podle německého originálu Winnetou ... volně přeložil a převyprávěl Vítězslav Kocourek |
| 250 | |a 2. vydání v této podobě a úpravě | ||
| 264 | 1 | |a V Praze : |b Albatros, |c 2020 | |
| 300 | |a 405 stran, 17 nečíslovaných listů obrazových příloh : |b ilustrace (některé barevné) ; |c 25 cm | ||
| 336 | |a text |b txt |2 rdacontent | ||
| 337 | |a bez média |b n |2 rdamedia | ||
| 338 | |a svazek |b nc |2 rdacarrier | ||
| 520 | 2 | |a Převyprávěná dobrodružství Vinnetoua, rudého gentlemana a Old Shatterhanda, jeho přítele. |b Vypravěč, mladý muž německého původu, který svou nezkušenost na Divokém Západě bohatě kompenzuje statečností a rozvahou, si záhy vyslouží uctivou přezdívku Old Shatterhand. Při práci na úseku železnice se dostává do konfliktu s místním kmenem Apačů a seznamuje se s ušlechtilým Vinnetouem, jeho otcem, náčelníkem Inču-Čunou, krásnou sestrou Nšo-Či i moudrým učitelem Kleki-Petrou. Z nepřátel se posléze stávají spojenci a pokrevní bratři, kteří společně pronásledují podlého vraha a čelí intrikám zrádných Kiowů. S romantickými hlavními postavami kontrastuje několik rázovitých úsměvných figurek, dodávajících příběhu místa humorného odlehčení. | |
| 521 | 8 | |a Pro čtenáře od 9 let | |
| 655 | 7 | |a německé romány |7 fd132945 |2 czenas | |
| 655 | 7 | |a dobrodružné romány |7 fd132061 |2 czenas | |
| 655 | 7 | |a publikace pro mládež |7 fd133157 |2 czenas | |
| 655 | 9 | |a German fiction |2 eczenas | |
| 655 | 9 | |a adventure novels |2 eczenas | |
| 655 | 9 | |a juvenile literature |2 eczenas | |
| 700 | 1 | |a Kocourek, Vítězslav, |d 1920-1995 |7 jk01060985 |4 trl | |
| 700 | 1 | |a Burian, Zdeněk, |d 1905-1981 |7 jk01020396 |4 ill | |
| 900 | |a ABA001 |b 20 | ||
| 928 | 9 | |a Albatros Media - Albatros | |
| 044 | |a xr | ||
| 910 | |a RBIT002 | ||
| 998 | |d 203153 |a https://core.palmknihy.cz/api/books/203153/cover?q3gs29 |b https://core.palmknihy.cz/api/books/203153/cover/400?q3gs29 |c https://core.palmknihy.cz/api/books/203153/cover/50?q3gs29 |e 2031-12-31 |g 442 |i 9788000057538 |j https://core.palmknihy.cz/api/books/203153/preview.epub |k https://core.palmknihy.cz/api/books/203153/preview.pdf |l |q 49 |r 1 |s https://www.palmknihy.cz/kniha/203153 |t ebook |y 2019 |z 0 | ||
| 999 | |d 311123 | ||